Llwytho...

A sociological approach to education /

Manylion Llyfryddiaeth
Prif Awdur: Allen cook, Lloyd and Forsyth cook, Elaine
Awduron Eraill: Cook, Elaine Forsyth
Fformat: Printed Book
Iaith:English
Cyhoeddwyd: New Delhi : Tata Mcgraw-Hill . c1960 .
Rhifyn:3rd.ed.
Pynciau:
LEADER 00713nam a22001697a 4500
008 180831b xxu||||| |||| 00| 0 eng d
082 |a 370.193 
100 |a Allen cook, Lloyd and Forsyth cook, Elaine 
245 |a A sociological approach to education /  |c Lloyd Allen Cook and Elaine forsyth Cook. 
250 |a 3rd.ed. 
260 |a New Delhi :  |b Tata Mcgraw-Hill .  |c c1960 . 
300 |a ix, 371p. ;  |c 21cm. 
650 7 |2 fast  |9 968528  |a Educational sociology  |v Social psychology  |x Education--Aims and objectives 
700 |q Cook, Elaine Forsyth 
942 |c BK 
999 |c 283074  |d 283074 
952 |0 0  |1 0  |2 ddc  |4 0  |6 370_193000000000000_COO_S  |7 0  |9 320904  |a LLE  |b LLE  |c ST1  |d 1972-03-20  |g 21.00  |i 46  |l 0  |o 370.193 COO/S  |p LLE46  |r 2018-08-31  |y BK